000 00566nam a2200181Ia 4500
008 151202s9999||||xx |||||||||||||| ||und||
082 _bPNVM-121603
100 _aSWAMI MADHAVANANDA.
245 _aVIVEKACHUDAMANI OF SRI SANKARACHARYA-SANSKRIT-ENGLISH.
260 _b"ADVAITA ASHRAMA, ALMORA."
260 _c1952
300 _a226
600 _aSWAMI MADHAVANANDA.
630 _aVIVEKACHUDAMANI OF SRI SANKARACHARYA-SANSKRIT-ENGLISH.
700 _aSWAMI MADHAVANANDA.
730 _aVIVEKACHUDAMANI OF SRI SANKARACHARYA-SANSKRIT-ENGLISH.
942 _cBOOK
999 _c1351732
_d1351729